LEADER 01380nam a2200325 a 4500 001 000000124157 003 CaOOAMICUS 005 20110203175101.0 008 110202t2010 enk u000 u eng r 020 $a978-1-4051-6357-6 040 $aPUL$bita 082 04$a210 245 02$aA companion to philosophy of religion /$cedited by Charles Taliaferro, Paul Draper and Philip L. Quinn. 250 $aSecond edition 260 $aChichester :$bWiley-Blackwell,$cİ2010. 300 $axviii, 760 p. ;$c26 cm 490 1 $aBlackwell Companions to philosophy ;$v9 650 4$aReligione$xFilosofia.$0(OLS)http://pul/subject/397 700 1 $aTaliaferro, Charles.$0(OLS)http://pul/name/63474 700 1 $aDraper, Paul.$0(OLS)http://pul/name/78375 700 1 $aQuinn, Philip L.$0(OLS)http://pul/name/67534 830 0$aBlackwell Companions to philosophy ;$v9.$0(OLS)http://pul/title/80284 850 $aPUL 852 $aPUL$W1$xSL Religione 3$y85$m210 TALCH 1$j142973$qDDC 21$B141976$CPULBib$Z2$F141976 $H115395 $82 941 1 $a9 996 $6020$a978-1-4051-6357-6$9(OLS)http://pul/number/146245 996 $6082$a210$9(OLS)http://pul/classification/1731 996 $6245$aA companion to philosophy of religion$9(OLS)http://pul/title/156511 996 $6260$aChichester :$bWiley-Blackwell$9(OLS)http://pul/publisher/80296 LEADER 01410nam a2200325 a 4500 001 000000141912 003 CaOOAMICUS 005 20150223104629.0 008 150223s2010 it af u000 u ita r 020 $z9788833921044* 040 $aPUL$bita 041 1 $aita$hger 082 04$a701 100 1 $aBelting, Hans,$d1935-$0(OLS)http://pul/name/61001 240 10$aFlorenz und Bagdad.$lItaliano.$0(OLS)http://pul/title/179634 245 12$aI canoni dello sguardo :$bstoria della cultura visiva tra Oriente e Occidente /$cHans Belting. 260 $aTorino :$bBollati Boringhieri,$cİ2010. 300 $a302 p., [47] c. di tav. :$bill. ;$c22 cm 490 1 $aNuova cultura ;$v244 504 $aInclude riferimenti bibliografici. 650 4$aProspettiva$yEvo medio.$0(OLS)http://pul/subject/41243 830 0$aNuova cultura ;$v244.$0(OLS)http://pul/title/20000 850 $aPUL 852 $aPUL$W1$xSL Cons. Gen., Altre Classi 3$y75$m701 BELHA 1$j163802$qDDC 21$q $B163836$CPULBib$Z2$F163836 $H125449 $81 941 1 $a9 996 $6020$z9788833921044*$9(OLS)http://pul/number/157034 996 $6082$a701$9(OLS)http://pul/classification/2541 996 $6245$aI canoni dello sguardo :$bstoria della cultura visiva tra Oriente e Occidente$9(OLS)http://pul/title/179633 996 $6260$aTorino :$bBollati Boringhieri$9(OLS)http://pul/publisher/47883